| 000 | 01318nam a22002777a 4500 | ||
|---|---|---|---|
| 003 | NALT | ||
| 005 | 20240419160723.0 | ||
| 008 | s2557 th tha d | ||
| 020 | _a9789740213291 | ||
| 040 | _aNALT | ||
| 041 | _atha | ||
| 050 |
_aDS 529.7 _bช529ร 2557 |
||
| 100 | 0 |
_aชาห์, สุดา _930770 |
|
| 245 | 1 | 0 |
_aราชันผู้พลัดแผ่นดิน : เมื่อพม่าเสียเมือง = _bThe king in exile : the fall of the Royal Family of Burma / _cSudha Shah ; สุภัตรา ภูมิประกาส แปล. |
| 250 | _aพิมพ์ครั้ง 2. | ||
| 260 |
_aกรุงเทพฯ : _bมติชน, _c2557. |
||
| 300 |
_a423 หน้า ; _b _c24 ซม. |
||
| 600 | 1 | 4 |
_930774 _aธีบอ, _cพระเจ้า, _dค.ศ.1875 -1885 |
| 650 | 4 |
_aกษัตริย์และผู้ครองนคร _zพม่า _925504 |
|
| 651 | 4 |
_930773 _aพม่า _xประวัติศาสตร์ _yราชวงศ์คองบอง, ค.ศ. 1752-1885 |
|
| 700 | 1 |
_930771 _aShah, Sudha |
|
| 700 | 0 |
_aสุภัตรา ภูมิประภาส _928597 |
|
| 850 | _aNALT | ||
| 942 |
_cGB _2lcc |
||
| 999 |
_c71934 _d71934 |
||
| 998 |
_j111 _k นางสาวพจพิณ พรมเอี่ยม |
||